| 000 | 00373cam a22001217a 4500 | ||
|---|---|---|---|
| 008 | 180718b1986 xxu||||| |||| 00| 0 eng d | ||
| 082 | _aB136x54 R14 | ||
| 100 | _aDas, Ram | ||
| 245 |
_aSocio-economic transformation of millions through rural development _cby Ram Das |
||
| 260 |
_aMeerut _bTwenty First Century _c1986 |
||
| 300 | _a395p. | ||
| 650 | _aRural development - India | ||
| 999 |
_c352122 _d352122 |
||